| 000 | 00718nam a2200265 a 4500 | ||
|---|---|---|---|
| 005 | 20260322212044.0 | ||
| 008 | data | ||
| 010 | _a 97081031 | ||
| 020 | _a003023798X | ||
| 020 | _a9780030237980 | ||
| 040 |
_aDLC _cDLC |
||
| 050 | 0 | 0 |
_aQC21.2 _b.S378 1999 |
| 082 | 0 | 0 |
_a530 _221 |
| 092 | _a530.21 S378 1999 | ||
| 100 | 1 | _aSerway, Raymond A. | |
| 245 | 1 | 0 |
_aCollege physics / _cRaymond A. Serway & Jerry S. Faughn. |
| 250 | _a5th ed. | ||
| 260 |
_aFort Worth : _bSaunders College Pub., _cc1999. |
||
| 300 |
_a1 v. (various pagings) : _bill. (some col.) ; _c26 cm. |
||
| 490 | 0 | _aSaunders golden sunburst series | |
| 500 | _aIncludes index. | ||
| 650 | 0 | _aPhysics. | |
| 700 | 1 | _aFaughn, Jerry S. | |
| 001 | data | ||
| 999 |
_c1045 _d1045 |
||